Sins of the night. #9 / Sherrilyn Kenyon.
Available copies
- 2 of 2 copies available at LARL/NWRL Consortium.
- 2 of 2 copies available at Lake Agassiz Regional Library. (Show preferred library)
Current holds
0 current holds with 2 total copies.
Show Only Available Copies
| Location | Call Number / Copy Notes | Barcode | Shelving Location | Status | Due Date |
|---|---|---|---|---|---|
| Moorhead Public Library | KEN (Text) | 33500011579182 | Main | Available | - |
| Moorhead Public Library | KEN (Text) | 33500012341921 | Main | Available | - |
Record details
- ISBN: 9781250104946
- ISBN: 1250104947
- ISBN: 9780312934323 (pbk.)
- ISBN: 0312934327 (pbk.)
- Physical Description: pages.
- Edition: First St. Martin's Press hardcover edition.
- Publisher: New York : St. Martin's Press, 2016.
- Copyright: ©2005
Content descriptions
| Summary, etc.: | "In the realm of the Dark-Hunters there is a code ... Read More |
Search for related items by subject
| Subject: | Vampires > Fiction. FICTION > Romance > Fantasy. FICTION > Fantasy > Contemporary. FICTION > Fantasy > Paranormal. FICTION > Fantasy > Urban Life. Vampires |
| Genre: | Paranormal romance fiction. Fantasy fiction. Love stories. Fiction. |
Search for related items by series
| LDR | 02882cam a22005178i 4500 | ||
|---|---|---|---|
| 001 | 218832 | ||
| 003 | LARL_NWRL_CONSORTIUM | ||
| 005 | 20170113203602.0 | ||
| 008 | 160722t20162005nyu 000 1 eng | ||
| 020 | . | ‡a9781250104946 ‡q(hardcover) | |
| 020 | . | ‡a1250104947 ‡q(hardcover) | |
| 020 | . | ‡a9780312934323 (pbk.) | |
| 020 | . | ‡a0312934327 (pbk.) | |
| 020 | . | ‡z9781429906081 ‡q(ebook) | |
| 035 | . | ‡a(OCoLC)932576987 | |
| 042 | . | ‡apcc | |
| 082 | 0 | 0. | ‡a813/.54 ‡223 |
| 084 | . | ‡aFIC027030 ‡aFIC009010 ‡aFIC009050 ‡aFIC009060 ‡2bisacsh | |
| 100 | 1 | . | ‡aKenyon, Sherrilyn, ‡d1965- ‡eauthor. ‡0(LARL_NWRL_CONSORTIUM)112509 |
| 245 | 1 | 0. | ‡aSins of the night. ‡n#9 / ‡cSherrilyn Kenyon. |
| 250 | . | ‡aFirst St. Martin's Press hardcover edition. | |
| 264 | 1. | ‡aNew York : ‡bSt. Martin's Press, ‡c2016. | |
| 264 | 4. | ‡c©2005 | |
| 300 | . | ‡apages. | |
| 336 | . | ‡atext ‡btxt ‡2rdacontent | |
| 337 | . | ‡aunmediated ‡bn ‡2rdamedia | |
| 338 | . | ‡avolume ‡bnc ‡2rdacarrier | |
| 490 | 0 | . | ‡aDark-Hunter ; ‡v9 |
| 520 | . | ‡a"In the realm of the Dark-Hunters there is a code of honor that even immortal bad boys must follow: Harm no human. Drink no blood. Never fall in love. But every now and again a Dark-Hunter thinks himself above the Code. That's when I'm summoned. Who am I? I'm the one thing the fearless fear. Step over the line, and it's my wrath you will face. Nothing can touch me. Nothing can sway me. I am relentless and unfeeling. Or so I thought until I met a Dark-Hunter who goes by the name of Danger--it's not just her name, it's how she lives her life. She doesn't trust me at all. And who could blame her? I'm here to be judge, jury, and the executioner of her friends. Yet she is my key to saving some of them. Without her, they will all die. But as we try to save them, Dangereuse St. Richard is a deadly distraction. Something about her is reawakening feelings I'm not supposed to have. Especially compassion, which is a deadly emotion in a race against evil. The only hope mankind has is that I do my duty. And yet how can I do my duty when it means that I will have to sacrifice the only woman I've ever loved?"-- ‡cProvided by publisher. | |
| 650 | 0. | ‡aVampires ‡vFiction. ‡0(LARL_NWRL_CONSORTIUM)167805 | |
| 650 | 7. | ‡aFICTION ‡xRomance ‡xFantasy. ‡2bisacsh | |
| 650 | 7. | ‡aFICTION ‡xFantasy ‡xContemporary. ‡2bisacsh | |
| 650 | 7. | ‡aFICTION ‡xFantasy ‡xParanormal. ‡2bisacsh | |
| 650 | 7. | ‡aFICTION ‡xFantasy ‡xUrban Life. ‡2bisacsh | |
| 650 | 7. | ‡2fast ‡aVampires ‡0(LARL_NWRL_CONSORTIUM)33797 | |
| 655 | 0. | ‡aParanormal romance fiction. | |
| 655 | 7. | ‡aFantasy fiction. ‡2gsafd | |
| 655 | 7. | ‡aLove stories. ‡2gsafd | |
| 655 | 7. | ‡aFiction. ‡2fast | |
| 905 | . | ‡uvanderl | |
| 901 | . | ‡a218832 ‡b ‡c218832 ‡tbiblio ‡soclc | |

Add to basket
Permalink
Disable Highlighting